00235nam a2200097Ia 4500008004100000100002100041245002900062260002200091942000700113999001700120190216s9999||||xx |||||||||||||| ||und|| aJamal Muhammed T 0aVanijya Bhoomishashthram bKerala Basha Inst cBK c34797d34797